00822 2200301 4500001002100000005001500021035002000036007000300056008004100059040001700100100002900117245008300146250001000229300003200239020002200271041000800293082001000301084001600311090001400327260003700341600001000378850001000388700002200398990002500420990002500445990002500470990002500495INLIS00000000000189320260603011010 a0010-0120000336ta260603 0  aSBPUPADbind0 aMuhammad Syafi'I Masykur1 aSembilan Kekuatan Maha Dahsyat /cMuhammad Syafi'I Masykur ; Editor, M.Ayafi'i acet.2 a160 hlm. :bIlus ;c20.5 cm a978-602-96338-8-707aind a297.5 a297.5 MUH s a729 BOW d aYogyakarta :bSecond Hope,c2015 4aAgama aPUPAD0 aEditor, M.Ayafi'i a32.507/APBD/DPK/2019 a32.506/APBD/DPK/2019 a32.505/APBD/DPK/2019 a32.508/APBD/DPK/2019